000 00734nam a2200289Ia 4500
005 20260324131755.0
008 008 260324s9999 xx 000 0 eng d
020 _a9781315252186
037 _aEBOOK
040 _aCRL
040 _beng
040 _cCRL
041 _2eng
041 _aeng
084 _qCRL
100 _aSteve Manton
_91186776
245 0 _aIntegrated Intellectual Asset Management
245 2 _bA Guide to Exploiting and Protecting your Organization's Intellectual Assets
260 _bTaylor and Francis
260 _c2005
365 _a
365 _b230
856 _uhttp://www.taylorfrancis.com/books/9781315252186
942 _cEBOOK
999 _c1784256
_d1784256